000 00294nam a2200121Ia 4500
005 20251222144741.0
008 251222s9999||||xx |||||||||||||| ||spa||
082 _a269.2/S32
100 _aAguilar, Fernando Sebastián
245 0 _aNueva evangelización:
264 _bEncuentro
942 _cLIB
999 _c18968
_d18968